Non-linear finite element analysis of solids and structures (Record no. 544779)
[ view plain ]
| 000 -LEADER | |
|---|---|
| fixed length control field | 00786cam a2200205La 4500 |
| 020 ## - INTERNATIONAL STANDARD BOOK NUMBER | |
| International Standard Book Number | 0585308209 (electronic bk.) |
| 082 04 - DEWEY DECIMAL CLASSIFICATION NUMBER | |
| Classification number | 620.00151535 |
| Author Mark | CRI |
| -- | L-39, P-163 |
| 100 1# - MAIN ENTRY--PERSONAL NAME | |
| Personal name | Crisfield, M. A. |
| 9 (RLIN) | 40151 |
| 245 10 - TITLE STATEMENT | |
| Title | Non-linear finite element analysis of solids and structures |
| Statement of responsibility, etc. | M.A. Crisfield. |
| 260 ## - PUBLICATION, DISTRIBUTION, ETC. | |
| Place of publication, distribution, etc. | Chichester ; |
| -- | New York : |
| Name of publisher, distributor, etc. | Wiley, |
| Date of publication, distribution, etc. | c1991. |
| 300 ## - PHYSICAL DESCRIPTION | |
| Extent | 508 p. : |
| Other physical details | ill. ; |
| Dimensions | 26 cm. |
| 505 0# - FORMATTED CONTENTS NOTE | |
| Formatted contents note | v. 1. Essentials -- v. 2. Advanced topics. |
| 526 ## - STUDY PROGRAM INFORMATION NOTE | |
| Program name | 0 |
| Interest level | 0 |
| Reading level | 0 |
| Title point value | 620_001515350000000_CRI |
| 650 #0 - SUBJECT ADDED ENTRY--TOPICAL TERM | |
| Topical term or geographic name entry element | Finite element method |
| General subdivision | Data processing. |
| 9 (RLIN) | 20057 |
| 650 #0 - SUBJECT ADDED ENTRY--TOPICAL TERM | |
| Topical term or geographic name entry element | MCE |
| 9 (RLIN) | 379 |
| 650 #0 - SUBJECT ADDED ENTRY--TOPICAL TERM | |
| Topical term or geographic name entry element | Structural analysis (Engineering) |
| General subdivision | Data processing. |
| 9 (RLIN) | 40515 |
| 710 2# - ADDED ENTRY--CORPORATE NAME | |
| Corporate name or jurisdiction name as entry element | NetLibrary, Inc. |
| 9 (RLIN) | 35918 |
| 856 4# - ELECTRONIC LOCATION AND ACCESS | |
| Uniform Resource Identifier | <a href="http://www.columbia.edu/cgi-bin/cul/resolve?clio4248920">http://www.columbia.edu/cgi-bin/cul/resolve?clio4248920</a> |
| 942 ## - ADDED ENTRY ELEMENTS (KOHA) | |
| Source of classification or shelving scheme | |
| Koha item type | Book |
| Withdrawn status | Lost status | Source of classification or shelving scheme | Damaged status | Not for loan | Permanent Location | Current Location | Date acquired | Total Checkouts | Full call number | Barcode | Date last seen | Price effective from | Koha item type |
|---|---|---|---|---|---|---|---|---|---|---|---|---|---|
| Military College of Engineering (MCE) | Military College of Engineering (MCE) | 05/12/2014 | 620.00151535 CRI | MCE-42800 | 05/12/2014 | 05/12/2014 | Book |
